00293pab a2200121 454500008004000000100001800040245003600058260000900094300001500103362001100118650000800129773003400137180718b2005 xxu||||| |||| 00| 0 eng d aRajan, Nalini aPersonal laws and public memory c2005 ap.2653-655 a25 Jun aLaw aEconomic and Political Weekly